Estadística : anexo a la Gaceta municipal de Barcelona anexo a la Gaceta municipal de Barcelona
Descripción Física:
Taules ; 32 cm
Materias:
Barcelona -- Estadístiques -- Revistes
MARC
| LEADER | 00000nam a2200000Ia 4500 | ||
|---|---|---|---|
| 001 | 13470, 13471, 13472 | ||
| 008 | 160829s1927 - [1939] xx 000 0 cat d | ||
| 008 | 160829s9999 xx 000 0 cat d | ||
| 080 | |a Revistes [a continuació de la Gaceta municipal de Barcelona] | ||
| 245 | |a Estadística : |b anexo a la Gaceta municipal de Barcelona | ||
| 260 | |a Barcelona : |b Impr. de la Casa Provincial de Caridad, |c 1927 - [1939] | ||
| 300 | |a Taules ; |c 32 cm | ||
| 362 | |a T. 1 (1927)- | ||
| 590 | |a Anual. | ||
| 590 | |a Suplement de: Gaceta municipal de Barcelona. | ||
| 590 | |a Continuació de: Anuario Estadístico de la ciudad de Barcelona. | ||
| 590 | |a Continuada per: Estadística municipal, ISSN 0213-0262 | ||
| 650 | |a Barcelona |x Estadístiques |x Revistes |9 29906 | ||
| 710 | 1 | |a Barcelona (Catalunya). |b Ajuntament |9 50981 | |
| 901 | |a Arxiu | ||
| 942 | |n 1 | ||
| 952 | |0 0 |1 0 |4 0 |6 REVISTES_A_CONTINUACIÓ_DE_LA_GACETA_MUNICIPAL_DE_BARCELONA |7 1 |9 45158 |a Arxiu |b Arxiu |d 2016-12-01 |l 0 |o Revistes [a continuació de la Gaceta municipal de Barcelona] |p 13470, 13471, 13472 |r 2016-12-01 00:00:00 |w 2016-12-01 |y ARXIU | ||
| 999 | |c 48229 |d 48229 | ||